1554 1518 1448 1553 1780 1684 1453 1377 1428 1728 1461 1963 1160 1472 1127 1019 1518 1665 1531 1795 1346 1987 1996 1523 1883 1963 1394 1216 1992 1568 1426 1800 1125 1910 1681 1968 1182 1827 1317 1602 1601 1544 1488 1550 1449 1598 1705 1818 1862 1486 1432 1571 1408 1793 1748 1926 1959 1344 1230 1927 1012 1553 1923 1547 1099 1328 1487 1147 1296 1620 1334 1392 1015 1739 1630 1925 1189 1359 1850 1897 1940 1481 1123 1322 1568 1463 1487 1194 1591 1749 1598 1864 1151 1900 1129 1950 1021 1496 1058 BCNSPRNW ULIB Ver.6.0+V

เปลี่ยนเป็นภาษาไทย

Change to English
 แสดงรายละเอียดบรรณานุกรม
  กลับหน้าหลัก

Brief Record : Get Marc (ISO 2709) : E-mail record : QR code < ปิดหน้าต่าง
LEADER : 00000nam 2200000uu 4500
001    13399121593
003     ULIB
008    121126s2550||||th 000 0 tha d
020    ^a9749813677
020    ^a9789749813676
060 04 ^aWT141^bผ255ก
100 0  ^aผ่องพรรณ อรุณแสง
245 10 ^aการประเมินภาวะสุขภาพผู้ใหญ่และผู้สูงอายุสำหรับพยาบาล /^cผ่องพรรณ อรุณแสง
250    ^aพิมพ์ครั้งที่ 2
260    ^aกรุงเทพฯ :^bโรงพิมพ์คลังนานาวิทยา,^c2550
300    ^aก-ฐ, 232 หน้า :^bภาพประกอบ ;^c26 ซม.
650  7 ^aการตรวจร่างกาย
650  7 ^aผู้สูงอายุ^xสุขภาพและอนามัย^xการประเมิน
650  7 ^aผู้ใหญ่^xสุขภาพและอนามัย^xการประเมิน
945    ^p200^l0^i15063
995    ^aวิภา
999 ^a ใช้งานได้ทุกระบบ
รายการนี้ยังไม่มีแท็ก
คุณยังไม่ได้ล็อกอิน คุณสามารถมีกิจกรรมร่วมกับเว็บไซต์ได้ แต่ต้องล็อกอินก่อน ::
  ล็อกอิน

รายการสื่อสารสนเทศ

ลำดับที่ ประเภท เลขเรียก/บาร์โค้ด สถานที่ สถานะ
- ไม่พบข้อมูล -

รายการใกล้เคียง
    ผู้แต่ง [ผ่องพรรณ อรุณแสง]

    หัวเรื่อง [การตรวจร่างกาย]

BibComment


ยังไม่เคยถูกคอมเมนท์

คอมเมนท์ทรัพยากรรายการนี้
  คอมเมนท์: การประเมินภาวะสุ..


 Copyright 2026. Bcnsprnw @Library